| 000 | 02397nam a22003617a 4500 | ||
|---|---|---|---|
| 001 | 100880 | ||
| 003 | KnowledgeUnlatched | ||
| 005 | 20210303105326.0 | ||
| 006 | m o d | ||
| 007 | cr u|||||||||| | ||
| 008 | 210129p20102018enk o u00| u eng d | ||
| 035 | _a(OCoLC)658045245 | ||
| 037 | _5BiblioBoard | ||
| 245 | 0 | 4 |
_aThe Future of Money _bFrom Financial Crisis to Public Resource / _cMary Mellor. |
| 020 | _a9781849644501 | ||
| 029 | 1 | _ahttps://library.biblioboard.com/ext/api/media/73ebf395-173a-4076-8e9a-35bb99c4c0c0/assets/thumbnail.jpg | |
| 040 |
_aScCtBLL _cScCtBLL |
||
| 100 | 1 |
_aMellor, Mary _eauthor. |
|
| 264 | 1 | _bPluto Press, | |
| 300 | _a1 online resource. | ||
| 506 | 0 |
_aAccess copy available to the general public. _fUnrestricted _2star |
|
| 520 | _aAs the recent financial crisis has revealed, the state is central to the stability of the money system, while the chaotic privately-owned banks reap the benefits without shouldering the risks. This book argues that money is a public resource that has been hijacked by capitalism. Mary Mellor explores the history of money and modern banking, showing how finance capital has captured bank-created money to enhance speculative 'leveraged' profits as well as destroying collective approaches to economic life. Meanwhile, most individuals, and the public economy, have been mired in debt. To correct this obvious injustice, Mellor proposes a public and democratic future for money. Ways are put forward for structuring the money and banking system to provision societies on an equitable, ecologically sustainable 'sufficiency' basis. This fascinating study of money should be read by all economics students looking for an original analysis of the economy during the current crisis. | ||
| 588 | 0 | _aDescription based on print version record. | |
| 590 | _aKU Select 2017: Backlist Collection | ||
| 650 | 7 |
_aBusiness & Economics / Finance _2bisacsh |
|
| 650 | 0 | _aEconomics | |
| 655 | 0 | _aElectronic books. | |
| 758 |
_iIs found in: _aKnowledge Unlatched _1https://openresearchlibrary.org/module/2774bc74-146a-484f-a7ba-ab1d6a09bbfb |
||
| 856 | 4 | 0 |
_uhttps://openresearchlibrary.org/content/73ebf395-173a-4076-8e9a-35bb99c4c0c0 _zView this content on Open Research Library. _70 |
| 999 |
_c34152 _d34152 |
||